Be Here Now - Statistics

General Stats
  • This quiz has been taken 30 times
  • The average score is 9 of 12
Answer Stats
Answer % Correct
All Around the World
89%
All Around the World (Reprise)
89%
Magic Pie
84%
My Big Mouth
84%
Stand By Me
84%
D'You Know What I Mean?
79%
Be Here Now
74%
Don't Go Away
74%
It's Gettin' Better (Man!!)
74%
The Girl in the Dirty Shirt
74%
I Hope, I Think, I Know
68%
Fade In-Out
63%
No matching quizzes found
Score Distribution
Percent of People with Each Score
Percentile by Number Answered
Your Score History
You have not taken this quiz